Pools and spas / (Record no. 608058)
[ view plain ]
| 000 -LEADER | |
|---|---|
| fixed length control field | 01465cam a22004097a 4500 |
| 001 - CONTROL NUMBER | |
| control field | 14914847 |
| 003 - CONTROL NUMBER IDENTIFIER | |
| control field | OSt |
| 005 - DATE AND TIME OF LATEST TRANSACTION | |
| control field | 20240223093842.0 |
| 008 - FIXED-LENGTH DATA ELEMENTS--GENERAL INFORMATION | |
| fixed length control field | 070703s2008 caua f 001 0 eng d |
| 010 ## - LIBRARY OF CONGRESS CONTROL NUMBER | |
| LC control number | 2007932159 |
| 020 ## - INTERNATIONAL STANDARD BOOK NUMBER | |
| International Standard Book Number | 9780376016119 (pbk.) |
| 020 ## - INTERNATIONAL STANDARD BOOK NUMBER | |
| International Standard Book Number | 0376016116 (pbk.) |
| 035 ## - SYSTEM CONTROL NUMBER | |
| System control number | (OCoLC)ocn191996381 |
| 040 ## - CATALOGING SOURCE | |
| Original cataloging agency | IFJ |
| Transcribing agency | IFJ |
| Modifying agency | IFJ |
| -- | BAKER |
| -- | DLC |
| 042 ## - AUTHENTICATION CODE | |
| Authentication code | lccopycat |
| 050 00 - LIBRARY OF CONGRESS CALL NUMBER | |
| Classification number | TH4763 |
| Item number | .R56 2008 |
| 082 04 - DEWEY DECIMAL CLASSIFICATION NUMBER | |
| Classification number | 643.55 |
| Edition number | 22 |
| Author Mark | RIS |
| 100 1# - MAIN ENTRY--PERSONAL NAME | |
| Personal name | Rist, Curtis. |
| 9 (RLIN) | 121171 |
| 245 10 - TITLE STATEMENT | |
| Title | Pools and spas / |
| Statement of responsibility, etc. | by Curtis Rist, Vicky Webster, and the editors of Sunset Books. |
| 250 ## - EDITION STATEMENT | |
| Edition statement | 3rd ed. |
| 260 ## - PUBLICATION, DISTRIBUTION, ETC. | |
| Place of publication, distribution, etc. | Menlo Park, Calif. : |
| Name of publisher, distributor, etc. | Sunset Books, |
| Date of publication, distribution, etc. | c2008. |
| 300 ## - PHYSICAL DESCRIPTION | |
| Extent | 240 p. : |
| Other physical details | col. ill. ; |
| Dimensions | 28 cm. |
| 500 ## - GENERAL NOTE | |
| General note | Rev. ed. of: Swimming pools and spas. 2005. |
| 500 ## - GENERAL NOTE | |
| General note | Includes index. |
| 650 #0 - SUBJECT ADDED ENTRY--TOPICAL TERM | |
| Topical term or geographic name entry element | Swimming pools |
| General subdivision | Design and construction. |
| 9 (RLIN) | 121172 |
| 650 #0 - SUBJECT ADDED ENTRY--TOPICAL TERM | |
| Topical term or geographic name entry element | Swimming pools |
| General subdivision | Maintenance and repair. |
| 9 (RLIN) | 121173 |
| 650 #0 - SUBJECT ADDED ENTRY--TOPICAL TERM | |
| Topical term or geographic name entry element | Hot tubs |
| General subdivision | Design and construction. |
| 9 (RLIN) | 121174 |
| 650 #0 - SUBJECT ADDED ENTRY--TOPICAL TERM | |
| Topical term or geographic name entry element | Hot tubs |
| General subdivision | Maintenance and repair. |
| 9 (RLIN) | 121175 |
| 700 1# - ADDED ENTRY--PERSONAL NAME | |
| Personal name | Webster, Vicki, |
| Dates associated with a name | 1947- |
| 9 (RLIN) | 121176 |
| 700 1# - ADDED ENTRY--PERSONAL NAME | |
| Personal name | Rist, Curtis. |
| Title of a work | Swimming pools and spas. |
| 9 (RLIN) | 121178 |
| 710 2# - ADDED ENTRY--CORPORATE NAME | |
| Corporate name or jurisdiction name as entry element | Sunset Books. |
| 9 (RLIN) | 7867 |
| 906 ## - LOCAL DATA ELEMENT F, LDF (RLIN) | |
| a | 7 |
| b | cbc |
| c | copycat |
| d | 2 |
| e | ncip |
| f | 20 |
| g | y-gencatlg |
| 942 ## - ADDED ENTRY ELEMENTS (KOHA) | |
| Source of classification or shelving scheme | |
| Koha item type | Reference |
| Withdrawn status | Lost status | Source of classification or shelving scheme | Damaged status | Not for loan | Permanent Location | Current Location | Date acquired | Source of acquisition | Full call number | Barcode | Date last seen | Cost, replacement price | Price effective from | Koha item type |
|---|---|---|---|---|---|---|---|---|---|---|---|---|---|---|
| School of Art Design and Architecture (SADA) | School of Art Design and Architecture (SADA) | 03/13/2017 | Donation | 643.55 RIS 2008 | SADAD0000179 | 02/23/2024 | 1910.17 | 02/23/2024 | Book |
